00772nam a22001817a 4500008004100000020001800041050002100059082002200080100004400102245007700146250001700223260004600240300005200286500007200338505012000410650001800530700004200548120625s2014 mx ap 001 0 spa d a978607935608814aRB145 bR85 2014 a616.15bR85f 20141 aRUÍZ Argüelles, Guillermo J.eautor10aFundamentos de hematología c / Guillermo J. Ruiz Argüelles; et. al. a5a edición3 aMéxicob: Médica Panamericanac, 2014 a394 páginasb: illustraciones, colorc; 27 cm aIncluye: Glosario (pp. 369-377) Índice analítico (pp. 379-394)2 aAspectos generales Anemias Oncología hemática Sistema de la coagulación y hemostasia Aspectos terapéuticos10aHEMATOLOGÍA1 aRuiz Delgado, Guillermo Joséeautor